000 00810nam a2200181 i 4500
001 44239
003 ES-MaACL
005 20230906161002.0
007 t|
008 030320s1924 sp ||||1| spa d
245 0 3 _aLa Ciudad Infantil
_b: primeros documentos y acuerdos relacionados con el proyecto de fundación de una colonia escolar permanente en el paseo de los Pontones de esta Corte, como ensayo de una acción pedagógica y social encaminada al mejoramiento de la raza.
260 _aMadrid :
_bColegio de Doctores de Madrid,
_c1924 (
_fImp. de Jesús López)
300 _a35 p., [3] h. de lám. ;
_c24 cm.
490 1 _aPublicación del Colegio de Doctores de Madrid
830 0 _aPublicación del Colegio de Doctores de Madrid
_9229889
852 _aES-MaACL
_j1680-F-17
999 _c44239
_d44239